Movies Quiz

Random Movies or Oscar Quiz
Score 0/5 Timer 01:00
0 Plays Today
% Correct
Out of Africa
92.3%
The Color Purple
91.7%
Prizzi's Honor
75.1%
Witness
68%
Kiss of the Spider Woman
63%

You're not logged in!

Compare scores with friends on all Sporcle quizzes.
OR
Log In

Sporcle TV

Today on Sporcle TV


Watch our educational content, quiz creation guides, and fun videos on Sporcle TV.

Show Comments

Extras

Top Quizzes Today


Score Distribution

Paid Content

Your Account Isn't Verified!

In order to create a playlist on Sporcle, you need to verify the email address you used during registration. Go to your Sporcle Settings to finish the process.

Report this User

Report this user for behavior that violates our Community Guidelines.

Details: